Metallurgical production in northern Eurasia in the Bronze Age /
Copper is the first metal to play a large part in human history. This work is devoted to the history of metallurgical production in Northern Eurasia during the Bronze Age, based on experiments carried out by the author and analyses of ancient slag, ore and metal.
المؤلف الرئيسي:
التنسيق: كتاب الكتروني
اللغة: English
منشور في:
Oxford :
Archaeopress Publishing Ltd,
[2015]
سلاسل:
Access archaeology.
الموضوعات:
الوصول للمادة أونلاين: Login to view Source
الوسوم: إضافة وسم
رقم الطلب: GN778.28
| LEADER | 01820nam a2200421 i 4500 | ||
|---|---|---|---|
| 001 | EDZ0001355902 | ||
| 003 | StDuBDS | ||
| 005 | 20230412181648.0 | ||
| 006 | m|||||o||d|||||||| | ||
| 007 | cr ||||||||||| | ||
| 008 | 160315t20152015enka fob 000|0|eng|d | ||
| 020 | |a 9781784912369 (PDF ebook) : |c £19.00 | ||
| 040 | |a StDuBDS |b eng |c StDuBDS |e rda |e pn | ||
| 050 | 4 | |a GN778.28 | |
| 082 | 0 | 4 | |a 936 |2 23 |
| 100 | 1 | |a Grigoriev, Stanislav, |e author. | |
| 245 | 1 | 0 | |a Metallurgical production in northern Eurasia in the Bronze Age / |c Stanislav Grigoriev. |
| 264 | 1 | |a Oxford : |b Archaeopress Publishing Ltd, |c [2015] | |
| 264 | 4 | |c ©2015 | |
| 300 | |a 1 online resource : |b illustrations (black and white, and colour). | ||
| 336 | |a text |2 rdacontent | ||
| 336 | |a still image |2 rdacontent | ||
| 337 | |a computer |2 rdamedia | ||
| 338 | |a online resource |2 rdacarrier | ||
| 490 | 1 | |a Access archaeology | |
| 504 | |a Includes bibliographical references. | ||
| 520 | 8 | |a Copper is the first metal to play a large part in human history. This work is devoted to the history of metallurgical production in Northern Eurasia during the Bronze Age, based on experiments carried out by the author and analyses of ancient slag, ore and metal. | |
| 521 | |a Specialized. | ||
| 588 | |a Description based on online resource; title from home page (viewed on March 15, 2016). | ||
| 650 | 0 | |a Bronze age |z Eurasia. | |
| 651 | 0 | |a Eurasia |x Antiquities. | |
| 650 | 0 | |a Metal products |z Eurasia |x History |y To 1500. | |
| 776 | 0 | 8 | |i Print version : |z 9781784912758 |
| 830 | 0 | |a Access archaeology. | |
| 856 | 4 | 0 | |3 Archaeopress |u http://library.arce.org:8087/Archaeopress/Products/9781784912758 |
| 942 | |2 lcc |c EBOOK | ||
| 952 | |0 0 |1 0 |4 0 |6 GN077828 |7 1 |9 46110 |a ARCH |b ARCH |d 2023-04-12 |l 0 |o GN778.28 |r 2023-04-12 00:00:00 |w 2023-04-12 |y EBOOK | ||
| 999 | |c 51768 |d 51768 | ||
